Seres mitológicos argentinos /
Adolfo Colombres caracteriza y clasifica en este libro quinientos quince seres sobrenaturales argentinos, tanto del ámbito indígena, al que pertenece la gran mayoría, como del criollo. Están las deidades que dieron origen al mundo y a los astros, crearon al hombre, las plantas y los animales. Tambié...
Guardado en:
| Autor Principal: | |
|---|---|
| Otros Autores: | |
| Formato: | Libro |
| Idioma: | Undetermined |
| Publicado: |
Buenos Aires :
Colihue,
2013.
|
| Edición: | 1a ed. |
| Materias: | |
| Etiquetas: |
Agregar Etiqueta
Sin Etiquetas, Sea el primero en etiquetar este registro!
|
| LEADER | 01709nam a22002655a 4500 | ||
|---|---|---|---|
| 001 | CEM.cems020338 | ||
| 008 | 230814s2013####ag############000#0#und#d | ||
| 005 | 20230814153136.0 | ||
| 245 | 1 | 0 | |a Seres mitológicos argentinos / |c Adolfo Colombres ; ilustrado por Luis Scafati. |
| 250 | |a 1a ed. | ||
| 260 | |a Buenos Aires : |b Colihue, |c 2013. | ||
| 300 | |a 320 p. | ||
| 500 | |a Edición especial para el Ministerio de Educación de la Nación. | ||
| 520 | |a Adolfo Colombres caracteriza y clasifica en este libro quinientos quince seres sobrenaturales argentinos, tanto del ámbito indígena, al que pertenece la gran mayoría, como del criollo. Están las deidades que dieron origen al mundo y a los astros, crearon al hombre, las plantas y los animales. También las que enseñaron costumbres valiosas, preservan la naturaleza, protegen a las mujeres y los niños, provocan o curan enfermedades. | ||
| 505 | 0 | |a Cultura criolla del Noroeste -- Cultura criolla del Litoral -- Cultura criolla del centro, Cuyo y el sur -- Culturas kolla y diaguito-calchaquí -- Cultura mbyá-guaraní -- Cultura chiriguano-chané -- Cultura toba, kom o komlek -- Cultura mocoví o mokoit -- Cultura pilagá -- Cultura wichí o mataca -- Cultura chorote o iyowaja -- Cultura nivaklé o chulupí -- Cultura mapuche -- Cultura tehuelche -- Cultura ona o selk'nam -- | |
| 020 | |a 9789876849838 | ||
| 100 | 1 | |a Colombres, Adolfo. | |
| 700 | 1 | |a Scafati, Luis. | |
| 653 | |a Literatura folclórica | ||
| 653 | |a Leyendas | ||
| 653 | |a Leyendas argentinas | ||
| 653 | |a Literatura infantil y juvenil | ||
| 653 | |a Literatura argentina | ||
| 653 | |a Pueblos originarios | ||
| 859 | |a CEMS |b BIB. CEMS - Inicial y Primaria |h 398.2 |i C717 |k IP |p 4047 |t Ej.1 | ||
